00386nam a2200145Ia 450000500170000000800410001704100120005808200150007010000250008524500390011025000080014926000370015750000150019465000310020920240823043418.0240823s9999||||xx |||||||||||||| ||und|| aENGLISH A005.133 P6 aRamesh Babu V et al. 2aA Textbook on Computer Programming a1st c2006bVRB Publishers PvaChennai aTRANSFERED aComputerbComputer Science